000 00323nam a22001337a 4500
008 230125b |||||||| |||| 00| 0 eng d
020 _a978-93-86349-07-1
082 _a812.5 MIL
100 _aMiller, Arthur
245 _aAll My Sons :
_cArthur Miller
260 _bBloomsbury
_c2021
300 _a96 p.
_c20cm
942 _2ddc
999 _c9242
_d9243